00853cam a22002531 4500001001300000003000400013005001700017008004100034010001700075035001900092040004700111042001200158050002400170100002100194245010900215260004100324300003800365410005800403500001700461504003100478650003400509650003900543999001700582gs 48000391 DLC20260227111354.0810709s1948 idu 000 0 eng c ags 48000391  a(OCoLC)7567427 aU. S. Geol. Survey. Libr.cGStGdGStGdDLC apremarc00aTN24.I2bA43 no. 801 aAnderson, Roy A.10aReconnaissance survey of the geology and ore deposits of the southwestern portion of Lemhi Range, Idaho. aMoscow,bUniversity of Idaho,c1948. a18 p.billus., fold. map.c28 cm.20aIdaho Bureau of Mines and Geology.tPamphlet,vno. 80 aCover title. aBibliographical footnotes. 0aGeologyzIdahozButte County. 0aOre depositszIdahozButte County. c28317d28317